000 00543nam a2200193Ia 4500
005 20250508163552.0
008 008 250505s9999 xx 000 0 hin d
037 _aDissertations
040 _aFEDL
_beng
_cFEDL
041 _ahin
_2eng
084 _a370.1, VAR/DI
_qFEDL
100 _aVarma Sanjeev Kumar
_9565792
245 0 _aAcharya Rajneesh ka shiksha-darshan
260 _c1994
300 _a186p.
546 _aM. Phil Dissertation (Delhi University)
942 _cDIS
_h370.1, VAR/DI
999 _c1384130
_d1384130